000 00372nam a2200145Ia 4500
008 231004s9999 xx 000 0 und d
020 _a9788194462208
041 _aeng
082 _a613.7
_bMAT
100 _aMATHACHAN,ELDHOSE
245 _aPHYSICAL FITNESS AND WELLNESS
260 _aNEW DELHI
_bPRERNA PRAKASHAN
_c2023
300 _a316
650 _aFITNESS & WELLNESS
999 _c878109
_d878109